<?xml version="1.0" encoding="UTF-8"?>
<record
    xmlns:xsi="http://www.w3.org/2001/XMLSchema-instance"
    xsi:schemaLocation="http://www.loc.gov/MARC21/slim http://www.loc.gov/standards/marcxml/schema/MARC21slim.xsd"
    xmlns="http://www.loc.gov/MARC21/slim">

  <leader>01785nam a2200349 a 4500</leader>
  <controlfield tag="001"> </controlfield>
  <controlfield tag="003">DO-SdBNP</controlfield>
  <controlfield tag="005">20220118122603.0</controlfield>
  <controlfield tag="008">090716s2009    dr abd        001 0 spa d</controlfield>
  <datafield tag="020" ind1=" " ind2=" ">
    <subfield code="a">9789945427691</subfield>
  </datafield>
  <datafield tag="040" ind1=" " ind2=" ">
    <subfield code="a">DO-SdBNP</subfield>
    <subfield code="b">spa</subfield>
    <subfield code="c">BPMSU</subfield>
  </datafield>
  <datafield tag="082" ind1=" " ind2=" ">
    <subfield code="a">325.21097293</subfield>
    <subfield code="b">E27m 2009</subfield>
    <subfield code="2">22</subfield>
  </datafield>
  <datafield tag="245" ind1="0" ind2="0">
    <subfield code="a">Efectos de la migraci&#xF3;n internacional en las comunidades de origen del suroeste de la Rep&#xFA;blica Dominicana /</subfield>
    <subfield code="c">direcci&#xF3;n Gonzalo Ram&#xED;rez de Haro ; Dolores Brandis, Teresa Ca&#xF1;edo Arg&#xFC;elles, Teba Casta&#xF1;o, Luis Escolano.</subfield>
  </datafield>
  <datafield tag="260" ind1=" " ind2=" ">
    <subfield code="a">Santo Domingo :</subfield>
    <subfield code="b">Instituto Panamericano  de Geograf&#xED;a e Historia ;</subfield>
    <subfield code="b">Fundaci&#xF3;n Carolina,</subfield>
    <subfield code="c">2009.</subfield>
  </datafield>
  <datafield tag="300" ind1=" " ind2=" ">
    <subfield code="a">258 p. :</subfield>
    <subfield code="b">il., gr&#xE1;fcs., mapas ;</subfield>
    <subfield code="c">23 cm.</subfield>
  </datafield>
  <datafield tag="500" ind1=" " ind2=" ">
    <subfield code="a">Incluye datos biogr&#xE1;ficos de los autores: p. 255-258.</subfield>
  </datafield>
  <datafield tag="504" ind1=" " ind2=" ">
    <subfield code="a">Incluye referencias bibliogr&#xE1;ficas y notas al pie de p&#xE1;ginas.</subfield>
  </datafield>
  <datafield tag="504" ind1=" " ind2=" ">
    <subfield code="a">Bibliograf&#xED;a : p.237-251.</subfield>
  </datafield>
  <datafield tag="505" ind1="0" ind2=" ">
    <subfield code="g">Presentaci&#xF3;n /</subfield>
    <subfield code="r">Bol&#xED;var Troncoso --</subfield>
    <subfield code="t">El Valle de Neiba --</subfield>
    <subfield code="t">El proceso migratorio hacia Espa&#xF1;a y sus efectos sobre los niveles de pobreza en el Valle de Neiba --</subfield>
    <subfield code="t">Otros efectos en la localidad de Vicente Noble --</subfield>
    <subfield code="t">Los actores de cambio y codesarrollo --</subfield>
    <subfield code="g">Conclusiones y propuesta --</subfield>
    <subfield code="g">Bibliograf&#xED;a --</subfield>
    <subfield code="g">Autores.</subfield>
  </datafield>
  <datafield tag="590" ind1=" " ind2=" ">
    <subfield code="a">Inventariado, 2022/VM</subfield>
  </datafield>
  <datafield tag="650" ind1=" " ind2="4">
    <subfield code="a">Movimiento de capitales</subfield>
    <subfield code="z">Rep&#xFA;blica Dominicana</subfield>
  </datafield>
  <datafield tag="651" ind1=" " ind2="4">
    <subfield code="a">Rep&#xFA;blica Dominicana</subfield>
    <subfield code="x">Migraci&#xF3;n e Inmigraci&#xF3;n</subfield>
    <subfield code="x">Aspectos econ&#xF3;micos</subfield>
    <subfield code="y">Siglo XX</subfield>
  </datafield>
  <datafield tag="700" ind1="1" ind2=" ">
    <subfield code="a">Ram&#xED;rez de Haro, Gonzalo,</subfield>
    <subfield code="e">dir.</subfield>
  </datafield>
  <datafield tag="700" ind1="1" ind2=" ">
    <subfield code="a">Brandis, Dolores</subfield>
  </datafield>
  <datafield tag="700" ind1="1" ind2=" ">
    <subfield code="a">Ca&#xF1;edo Arg&#xFC;elles, Teresa</subfield>
  </datafield>
  <datafield tag="700" ind1="1" ind2=" ">
    <subfield code="a">Casta&#xF1;o, Teba</subfield>
  </datafield>
  <datafield tag="700" ind1="1" ind2=" ">
    <subfield code="a">Escolano, Luis</subfield>
  </datafield>
  <datafield tag="710" ind1="2" ind2=" ">
    <subfield code="a">Instituto Panamericano de Geograf&#xED;a e Historia</subfield>
    <subfield code="b"> Fundaci&#xF3;n Carolina </subfield>
  </datafield>
  <datafield tag="710" ind1="2" ind2=" ">
    <subfield code="a">Fundaci&#xF3;n Carolina (CeCALCI)</subfield>
  </datafield>
  <datafield tag="910" ind1=" " ind2=" ">
    <subfield code="a">VMateo V. </subfield>
  </datafield>
  <datafield tag="942" ind1=" " ind2=" ">
    <subfield code="2">ddc</subfield>
    <subfield code="c">BK</subfield>
  </datafield>
  <datafield tag="952" ind1=" " ind2=" ">
    <subfield code="0">0</subfield>
    <subfield code="1">0</subfield>
    <subfield code="2">ddc</subfield>
    <subfield code="4">0</subfield>
    <subfield code="7">0</subfield>
    <subfield code="8">CD</subfield>
    <subfield code="a">BPMET</subfield>
    <subfield code="b">BPMET</subfield>
    <subfield code="d">2022-01-18</subfield>
    <subfield code="e">AGN</subfield>
    <subfield code="l">0</subfield>
    <subfield code="o">BPMSU CD 325.21097293 E27m 2009</subfield>
    <subfield code="p">BPMSU2010041</subfield>
    <subfield code="r">2022-01-18</subfield>
    <subfield code="t">BPMSU CD RD868.42 H519o 2015</subfield>
    <subfield code="w">2022-01-18</subfield>
    <subfield code="y">BK</subfield>
  </datafield>
  <datafield tag="999" ind1=" " ind2=" ">
    <subfield code="c">13958</subfield>
    <subfield code="d">13958</subfield>
  </datafield>
</record>
